| Hint | Answer | % Correct |
|---|---|---|
| 1 | No Church In The Wild | 89%
|
| 3 | Niggas In Paris | 80%
|
| 4 | Otis | 77%
|
| 14 | H•A•M | 63%
|
| 8 | Welcome To The Jungle | 60%
|
| 7 | That's My Bitch | 54%
|
| 2 | Lift Off | 51%
|
| 13 | Illest Motherfucker Alive | 46%
|
| 11 | Made In America | 46%
|
| 15 | Primetime | 46%
|
| 12 | Why I Love You | 46%
|
| 6 | New Day | 43%
|
| 5 | Gotta Have It | 40%
|
| 16 | The Joy | 37%
|
| 9 | Who Gon Stop Me | 34%
|
| 10 | Murder To Excellence | 23%
|